Online
Catalog

La enseñanza y el método cooperativo / (Record no. 24116)

MARC details
000 -CABECERA
campo de control de longitud fija 00868nam a2200253 a 4500
001 - NÚMERO DE CONTROL
campo de control 000024623
005 - FECHA Y HORA DE LA ÚLTIMA TRANSACCIÓN
campo de control 20200930023255.0
008 - DATOS DE LONGITUD FIJA--INFORMACIÓN GENERAL
campo de control de longitud fija 110201s1985 mx a r 000 0 spa d
020 ## - NÚMERO INTERNACIONAL ESTÁNDAR DEL LIBRO
Número Internacional Estándar del Libro 9684093152
040 ## - FUENTE DE LA CATALOGACIÓN
Centro catalogador/agencia de origen DO-SdBNP
Lengua de catalogación spa
Centro/agencia transcriptor BNPHU
041 17 - CÓDIGO DE LENGUA
Código de lengua del texto/banda sonora o título independiente spa
Código de lengua original eng
Fuente del código Código de idioma MARC
082 ## - NÚMERO DE LA CLASIFICACIÓN DECIMAL DEWEY
Número de clasificación 371.148
Número de documento/Ítem S631e
049 ## - FONDOS LOCALES (OCLC)
Fondos de biblioteca BNGR
100 1# - ENTRADA PRINCIPAL--NOMBRE DE PERSONA
Nombre de persona Slavin, Robert E.
9 (RLIN) 50493
240 10 - TÍTULO UNIFORME
Título uniforme Cooperative learning.
Lenguaje de la obra Español.
245 10 - MENCIÓN DE TÍTULO
Título La enseñanza y el método cooperativo /
Mención de responsabilidad, etc. Robert E. Slavin ; traducción Mariluz Caso Sainz.
260 ## - PUBLICACIÓN, DISTRIBUCIÓN, ETC.
Lugar de publicación, distribución, etc. México, D. F. :
Nombre del editor, distribuidor, etc. Edamex,
Fecha de publicación, distribución, etc. 1985.
300 ## - DESCRIPCIÓN FÍSICA
Extensión 172, [4] p. :
Otras características físicas il. ;
Dimensiones 20 cm.
534 ## - NOTA SOBRE LA VERSIÓN ORIGINAL
Encabezamiento principal del original Título original:
Mención de título del original Cooperative learning.
650 #4 - PUNTO DE ACCESO ADICIONAL DE MATERIA--TÉRMINO DE MATERIA
Término de materia o nombre geográfico como elemento de entrada Trabajo en grupos (educación)
9 (RLIN) 48756
650 #4 - PUNTO DE ACCESO ADICIONAL DE MATERIA--TÉRMINO DE MATERIA
Término de materia o nombre geográfico como elemento de entrada Aprendisaje cooperativo
9 (RLIN) 50494
650 #4 - PUNTO DE ACCESO ADICIONAL DE MATERIA--TÉRMINO DE MATERIA
Término de materia o nombre geográfico como elemento de entrada Metodos de enseñanza
9 (RLIN) 2196
700 1# - PUNTO DE ACCESO ADICIONAL--NOMBRE DE PERSONA
Nombre de persona Caso Sainz, Mariluz.
Término indicativo de función/relación tr.
9 (RLIN) 50495
Holdings
Estado de retiro Estado de pérdida Restricciones de uso No para préstamo Código de colección Localización permanente Ubicación/localización actual Ubicación en estantería Fecha de adquisición Número de inventario Total de préstamos Signatura topográfica completa Código de barras Fecha visto por última vez Precio válido a partir de Tipo de ítem Koha Número de copia
        Monografías: Libros y Folletos General General En catalogación 01.02.2011 LF1   371.148 S631e 24623-10 25.06.2020 25.06.2020 Préstamo en sala  
      Préstamo restrigido Monografías: Libros y Folletos General General En catalogación 01.02.2011 LF1   371.148 S631e 24623-20 25.06.2020 25.06.2020 Préstamo en sala e.2

Powered by Koha